[Event "Chess.com U20 Speed"]
[Site "Chess.com INT"]
[Date "2020.09.11"]
[Round "1.17"]
[White "Nihal, Sarin"]
[Black "Tang, Andrew"]
[Result "1-0"]
[WhiteElo "2620"]
[BlackElo "2538"]
[PlyCount "83"]
[EventDate "2020.09.11"]
[EventType "k.o. (blitz)"]
[EventRounds "4"]
[EventCountry "USA"]
[SourceTitle "EXT 2021"]
[Source "ChessBase"]
[SourceDate "2020.10.23"]
[SourceVersion "1"]
[SourceVersionDate "2020.10.23"]
[SourceQuality "1"]

1. Nf3 d5 2. e3 c5 3. b3 Nc6 4. Bb2 Nf6 5. Be2 g6 6. O-O ({RR} 6. d4 Bg7 7. dxc5 Qa5+ 8. Nbd2 Qxc5 9. O-O O-O 10. a3 Rd8 11. b4 Qb6 12. b5 Na5 13. Bd4 Qc7 14. Qc1 Bf5 15. Bd3 Rac8 16. Qb2 Nc4 17. Nxc4 dxc4 18. Bxf5 gxf5 19. b6 Qc6 20. bxa7 c3 {Materia,M (2474)-Tang,A (2529) chess.com INT 2025 0-1 (48)}) 6... Bg7 7. d4 Ne4 8. Nbd2 Bf5 $146 ({RR} 8... Nxd2 9. Qxd2 O-O 10. c3 Bg4 11. dxc5 Rc8 12. b4 e6 13. Rfd1 a5 14. a3 b6 15. cxb6 Qxb6 16. Nd4 Bxe2 17. Qxe2 Ne5 18. c4 Nxc4 19. Bc3 a4 20. Rdc1 Nd6 21. Bb2 Rc4 22. Rxc4 Nxc4 23. Bc3 {Gulevich,A (2304)-Nouri,A (2259) chess.com INT 2022 0-1 (70)}) ({RR} 8... O-O 9. c4 Nxd2 10. Qxd2 cxd4 11. exd4 Bf5 12. Rfe1 e6 13. h3 h6 14. Rad1 Be4 15. Nh2 g5 16. Nf1 Qb6 17. Ng3 Bg6 18. Bh5 Bh7 19. cxd5 exd5 20. Bf3 Rad8 21. Nh5 Bh8 22. h4 Qa5 23. Bc3 {Nihal,S (2620)-Tang,A (2538) Chess.com INT 2020 1-0 (53)}) ({RR} 8... O-O 9. c3 cxd4 10. Nxe4 dxe4 11. Nxd4 Nxd4 12. cxd4 Be6 13. Rc1 Qd7 14. Qc2 Bd5 15. Qc7 Rfd8 16. Qa5 b6 17. Qb4 Bf8 18. Bb5 Qb7 19. Qd2 a6 20. Be2 b5 21. Ba3 Rac8 22. Bc5 e6 23. Bxf8 {Gulevich,A (2304)-Neustroev,V (2283) chess.com INT 2025 1-0 (55)}) 9. c4 cxd4 10. Nxd4 Nxd4 11. exd4 O-O 12. Re1 Rc8 13. Nxe4 Bxe4 14. Qd2 Qd7 15. Bf1 Rfd8 16. Rac1 h6 17. h3 g5 18. c5 Re8 19. b4 Bg6 20. b5 f6 21. a4 e5 22. c6 bxc6 23. bxc6 Qd6 24. Qa5 Re7 25. Re3 Rec7 26. Ba3 Qe6 27. Ba6 Rxc6 28. Bxc8 Rxc1+ 29. Bxc1 Qxc8 30. Rc3 Qf5 31. Qxd5+ Kh7 32. dxe5 fxe5 33. Be3 Qb1+ 34. Rc1 Qb4 35. a5 a6 36. Qc5 Qa4 37. Qb6 Bd3 38. Rc7 Qe4 39. Qa7 Qg6 40. Bc5 Kg8 41. Qb8+ Kh7 42. Bf8 1-0

[Event "Chess.com U20 Speed"]
[Site "Chess.com INT"]
[Date "2020.09.11"]
[Round "1.19"]
[White "Nihal, Sarin"]
[Black "Tang, Andrew"]
[Result "1-0"]
[WhiteElo "2620"]
[BlackElo "2538"]
[PlyCount "49"]
[EventDate "2020.09.11"]
[EventType "k.o. (blitz)"]
[EventRounds "4"]
[EventCountry "USA"]
[SourceTitle "EXT 2021"]
[Source "ChessBase"]
[SourceDate "2020.10.23"]
[SourceVersion "1"]
[SourceVersionDate "2020.10.23"]
[SourceQuality "1"]

1. Nf3 d5 2. b3 c5 3. Bb2 Nc6 4. e3 Nf6 5. d4 Bg4 6. Be2 e6 7. O-O Rc8 8. Nbd2 Be7 9. h3 Bh5 10. c4 O-O 11. a3 ({RR} 11. Rc1 cxd4 12. Nxd4 Bg6 13. Nxc6 Rxc6 14. Nf3 Qa5 15. Ne5 Rcc8 16. a3 dxc4 17. b4 Qd5 18. Bxc4 Qxd1 19. Rfxd1 Be4 20. f3 Bd5 21. e4 Bxc4 22. Nxc4 Rfd8 23. Rxd8+ Bxd8 24. Nd6 Rxc1+ 25. Bxc1 b6 {Nihal,S (2620)-Tang,A (2538) Chess.com INT 2020 1-0 (50)}) 11... Qc7 $146 ({RR} 11... b6 12. Rc1 h6 13. cxd5 exd5 14. dxc5 bxc5 15. Nh4 Bxe2 16. Qxe2 Re8 17. Nf5 Bf8 18. Rfd1 d4 19. Nc4 g6 20. Ng3 Qe7 21. Qf3 Bg7 22. exd4 Nxd4 23. Bxd4 cxd4 24. Rxd4 Nd7 25. Rdd1 Ne5 26. Nxe5 {Voiska,M (2313)-Di Trapani,D (1994) Pianoro 2011 1-0 (60)}) 12. dxc5 Bxc5 13. Bxf6 gxf6 14. cxd5 exd5 15. b4 Bd6 16. Rc1 Qe7 17. Nb3 Rfd8 18. Nfd4 Bg6 19. Bg4 f5 20. Nxf5 Bxf5 21. Bxf5 Qe5 22. Qg4+ Kh8 23. Qf4 Qf6 24. Qf3 Ne5 25. Qh5 1-0

[Event "Chess.com U20 Speed"]
[Site "Chess.com INT"]
[Date "2020.09.12"]
[Round "1.20"]
[White "Gukesh, Dommaraju"]
[Black "Erigaisi, Arjun Kumar"]
[Result "1-0"]
[WhiteElo "2563"]
[BlackElo "2559"]
[PlyCount "49"]
[EventDate "2020.09.11"]
[EventType "k.o. (blitz)"]
[EventRounds "4"]
[EventCountry "USA"]
[SourceTitle "EXT 2021"]
[Source "ChessBase"]
[SourceDate "2020.10.23"]
[SourceVersion "1"]
[SourceVersionDate "2020.10.23"]
[SourceQuality "1"]

1. e4 e6 2. d3 d5 3. Nd2 Nf6 4. Ngf3 c5 5. g3 Nc6 6. Bg2 g6 7. O-O Bg7 8. Re1 O-O 9. c3 b6 10. e5 Nd7 11. d4 f6 12. exf6 Qxf6 13. Nb3 c4 14. Bg5 Qf7 15. Nbd2 e5 16. dxe5 Ndxe5 17. Nxe5 Nxe5 18. f4 Bg4 19. Qa4 Bd7 20. Qa3 Nc6 $146 ({RR} 20... h6 21. Bxh6 Bxh6 22. Rxe5 Bc6 23. Rae1 Rae8 24. Nxc4 Bg7 25. Nd6 Rxe5 26. Rxe5 Qd7 27. Bxd5+ Bxd5 28. Rxd5 Qe6 29. Qb3 Qe3+ 30. Kg2 Qe2+ 31. Kh3 Qf1+ 32. Kg4 Qe2+ 33. Kh3 Kh7 34. Qc4 Qxb2 35. Qe4 {Bartholomew,J (2446)-Erigaisi,A (2559) Chess.com INT 2020 0-1 (49)}) 21. Qd6 Kh8 22. Bxd5 Qf5 23. Bxc6 Bxc6 24. Qxc6 h6 25. Be7 1-0

[Event "Chess.com U20 Speed"]
[Site "Chess.com INT"]
[Date "2020.09.30"]
[Round "2.27"]
[White "Erigaisi, Arjun Kumar"]
[Black "Xiong, Jeffery"]
[Result "1-0"]
[WhiteElo "2559"]
[BlackElo "2709"]
[PlyCount "131"]
[EventDate "2020.09.11"]
[EventType "k.o. (blitz)"]
[EventRounds "4"]
[EventCountry "USA"]
[SourceTitle "EXT 2021"]
[Source "ChessBase"]
[SourceDate "2020.10.23"]
[SourceVersion "1"]
[SourceVersionDate "2020.10.23"]
[SourceQuality "1"]

1. d4 g6 2. Nf3 Bg7 3. g3 c5 4. Bg2 cxd4 5. Nxd4 Nc6 6. c3 Nf6 7. O-O O-O 8. e4 d6 9. Qe2 Bd7 10. Rd1 Rc8 11. f3 a6 12. Be3 Ne5 $146 ({RR} 12... e5 13. Nb3 Be6 14. Na3 Qe7 15. Nc4 Rcd8 16. Nb6 d5 17. Bc5 Qc7 18. Bxf8 Bxf8 19. Nxd5 Nxd5 20. exd5 Rxd5 21. Rxd5 Bxd5 22. Rd1 Bxb3 23. axb3 Qb6+ 24. Kh1 Qxb3 25. f4 exf4 26. gxf4 Ne7 27. Rd8 {Erigaisi,A (2559)-Xiong,J (2709) Chess.com INT 2020 1-0 (42)}) 13. Nd2 Qc7 14. a4 Rfd8 15. a5 Qb8 16. h3 Nc6 17. f4 Nh5 18. Qf2 Nxd4 19. cxd4 Bb5 20. e5 dxe5 21. dxe5 Bf8 22. g4 Ng7 23. Ne4 Bc6 24. Bb6 Rxd1+ 25. Rxd1 Ne8 26. Ng5 Bxg2 27. Qxg2 Bh6 28. Qd5 Bxg5 29. fxg5 Ng7 30. h4 Ne6 31. Rf1 Rc2 32. Qf3 Qe8 33. Qxb7 Rxb2 34. Rc1 Qa4 35. Qf3 Nf4 36. e6 Nxe6 37. Rc8+ Kg7 38. Qc3+ f6 39. gxf6+ Kf7 40. Qxb2 Qxg4+ 41. Kf1 Qf3+ 42. Qf2 Qd1+ 43. Kg2 Qd5+ 44. Kh2 Qe5+ 45. Qg3 Qe2+ 46. Bf2 Nd4 47. fxe7 Nf3+ 48. Qxf3+ Qxf3 49. e8=Q+ Kg7 50. Qg8+ Kh6 51. Qf8+ Qxf8 52. Rxf8 Kg7 53. Ra8 Kh6 54. Rxa6 Kh5 55. Rb6 h6 56. a6 Kg4 57. a7 Kh5 58. a8=Q g5 59. Qe8+ Kg4 60. Qe2+ Kf5 61. Qf3+ Ke5 62. Qf6+ Ke4 63. Re6+ Kd3 64. Qd4+ Kc2 65. Re2+ Kb3 66. Rb2+ 1-0

[Event "Chess.com U20 Speed"]
[Site "Chess.com INT"]
[Date "2020.09.30"]
[Round "2.29"]
[White "Erigaisi, Arjun Kumar"]
[Black "Xiong, Jeffery"]
[Result "1-0"]
[WhiteElo "2559"]
[BlackElo "2709"]
[PlyCount "83"]
[EventDate "2020.09.11"]
[EventType "k.o. (blitz)"]
[EventRounds "4"]
[EventCountry "USA"]
[SourceTitle "EXT 2021"]
[Source "ChessBase"]
[SourceDate "2020.10.23"]
[SourceVersion "1"]
[SourceVersionDate "2020.10.23"]
[SourceQuality "1"]

1. d4 g6 2. Nf3 Bg7 3. g3 c5 4. Bg2 cxd4 5. Nxd4 Nc6 6. c3 Nf6 7. O-O O-O 8. e4 d6 9. Qe2 Bd7 10. Rd1 Rc8 11. f3 a6 12. Be3 e5 $146 ({RR} 12... Ne5 13. Nd2 Qc7 14. a4 Rfd8 15. a5 Qb8 16. h3 Nc6 17. f4 Nh5 18. Qf2 Nxd4 19. cxd4 Bb5 20. e5 dxe5 21. dxe5 Bf8 22. g4 Ng7 23. Ne4 Bc6 24. Bb6 Rxd1+ 25. Rxd1 Ne8 26. Ng5 Bxg2 27. Qxg2 {Erigaisi,A (2559)-Xiong,J (2709) Chess.com INT 2020 1-0 (66)}) 13. Nb3 Be6 14. Na3 Qe7 15. Nc4 Rcd8 16. Nb6 d5 17. Bc5 Qc7 18. Bxf8 Bxf8 19. Nxd5 Nxd5 20. exd5 Rxd5 21. Rxd5 Bxd5 22. Rd1 Bxb3 23. axb3 Qb6+ 24. Kh1 Qxb3 25. f4 exf4 26. gxf4 Ne7 27. Rd8 Qa4 28. Be4 Kg7 29. Kg2 Nc6 30. Rd7 Na5 31. Qd3 Bc5 32. b4 Qa2+ 33. Kh3 Qe6+ 34. f5 gxf5 35. Bxf5 Qh6+ 36. Kg2 Be3 37. bxa5 Qg5+ 38. Kf3 Qf4+ 39. Ke2 Qf2+ 40. Kd1 Qg1+ 41. Kc2 Qc1+ 42. Kb3 1-0

[Event "Chess24 Banter Blitz Cup Qual-F"]
[Site "chess24.com INT"]
[Date "2020.09.14"]
[Round "2.1"]
[White "Oparin, Grigoriy"]
[Black "Abdusattorov, Nodirbek"]
[Result "1-0"]
[WhiteElo "2652"]
[BlackElo "2627"]
[PlyCount "121"]
[EventDate "2020.09.13"]
[EventType "k.o. (blitz)"]
[EventRounds "3"]
[EventCountry "GER"]
[SourceTitle "CBM 198 Extra"]
[Source "ChessBase"]
[SourceDate "2020.11.30"]
[SourceVersion "1"]
[SourceVersionDate "2020.11.30"]
[SourceQuality "1"]

1. g3 d5 2. Bg2 e5 3. c4 d4 4. d3 Nf6 5. Nf3 Nc6 6. O-O a5 7. Na3 Be7 8. e3 dxe3 9. Bxe3 O-O 10. Nb5 Bg4 $146 ({RR} 10... Ng4 11. d4 Nxe3 12. fxe3 exd4 13. exd4 Bf6 14. d5 Ne5 15. Nxe5 Bxe5 16. Qe2 Re8 17. Qf2 f6 18. Rad1 Bg4 19. Rd2 Qd7 20. Nd4 Rad8 21. c5 Bxd4 22. Qxd4 Bh3 23. Bxh3 Qxh3 24. Qc3 Qh6 25. d6 {Pelaez Contti,J (2214)-Pressman,L (2276) ICC INT 2015 ½-½}) ({RR} 10... Bf5 11. d4 exd4 12. Nfxd4 Nxd4 13. Nxd4 Be4 14. Bxe4 Nxe4 15. Qc2 Ng5 16. Rad1 Qc8 17. Qf5 Bf6 18. Bxg5 Qxf5 19. Nxf5 Bxg5 20. Rd7 Rac8 21. Rfd1 Rfd8 22. R7d5 a4 23. Nxg7 Kxg7 24. Rxg5+ Kf6 25. Rgd5 {Topalov,V (2761)-Giri,A (2782) Leuven 2016 1-0 (53)}) 11. h3 Bh5 12. g4 Bg6 13. d4 exd4 14. Nbxd4 Be4 15. Re1 Bb4 16. Re2 Nxd4 17. Bxd4 Re8 18. a3 Bf8 19. Bc3 Qd3 20. Qxd3 Bxd3 21. Rxe8 Rxe8 22. Bxa5 b6 23. Bd2 Bxc4 24. Rc1 b5 25. Bf4 Nd5 26. Bg3 Bd6 27. Bxd6 cxd6 28. Nd4 Nf4 29. Rd1 Ne2+ 30. Nxe2 Rxe2 31. Rxd6 g6 32. b4 Ra2 33. Ra6 Bb3 34. Bc6 Bc4 35. Ra5 Kg7 36. Bxb5 Bxb5 37. Rxb5 Rxa3 38. Kg2 Rb3 39. h4 h6 40. f3 Kf6 41. g5+ hxg5 42. hxg5+ Ke6 43. Kg3 Rb1 44. Kf4 Rb3 45. Rb6+ Ke7 46. Ke4 Kd7 47. b5 Rb1 48. f4 Re1+ 49. Kd3 Rd1+ 50. Kc2 Rd4 51. Rf6 Ke7 52. Kc3 Re4 53. b6 Re1 54. Kc4 Rb1 55. Kc5 Rc1+ 56. Kb5 Rb1+ 57. Kc6 Rc1+ 58. Kb7 Rb1 59. Kc7 Rc1+ 60. Rc6 Rb1 61. b7 1-0

[Event "Katowice POL-HUN rapid 8th"]
[Site "Katowice"]
[Date "2020.09.13"]
[Round "6.1"]
[White "Socko, Bartosz"]
[Black "Nasuta, Grzegorz"]
[Result "1-0"]
[WhiteElo "2601"]
[BlackElo "2553"]
[PlyCount "69"]
[EventDate "2020.09.13"]
[EventType "swiss (rapid)"]
[EventRounds "9"]
[EventCountry "POL"]
[SourceTitle "CBM 198 Extra"]
[Source "ChessBase"]
[SourceDate "2020.11.30"]
[SourceVersion "1"]
[SourceVersionDate "2020.11.30"]
[SourceQuality "1"]

1. g3 d5 2. Bg2 g6 3. Nf3 Bg7 4. O-O Nf6 5. b3 Ne4 6. c3 O-O 7. Qc2 c5 8. d3 Nd6 9. e4 dxe4 10. dxe4 Nc6 11. Rd1 Qc7 $146 ({RR} 11... Qa5 12. Be3 Bg4 13. Rd5 b6 14. b4 Qa6 15. bxc5 Nc4 16. Qe2 Qa4 17. Nbd2 Nxe3 18. Qxe3 Nb4 19. Rd4 Bxd4 20. Nxd4 bxc5 21. Nf5 Bxf5 22. cxb4 Be6 23. Qxc5 Rfd8 24. e5 Rac8 25. Qe3 Qxb4 26. Nf3 {Zaloznyy,M (2168)-Jukic,B (2371) Monrovia, CA USA 2023 0-1 (37)}) 12. Bf4 e5 13. Be3 b6 14. Na3 Be6 15. Ng5 Bg4 16. f3 Bc8 17. Nh3 h6 18. Nf2 Be6 19. Bh3 f5 20. exf5 gxf5 21. Ne4 Rad8 22. Rxd6 Rxd6 23. Nb5 Qd7 24. Nexd6 a6 25. Rd1 axb5 26. Nxb5 Qe7 27. Rd6 Bd7 28. Qd2 Nd4 29. cxd4 cxd4 30. Bxh6 Bxb5 31. Rg6 Rf7 32. Bxf5 Kf8 33. Bxg7+ Rxg7 34. Qh6 Qf7 35. Rf6 1-0

[Event "Katowice POL-HUN rapid 8th"]
[Site "Katowice"]
[Date "2020.09.13"]
[Round "9.4"]
[White "Piorun, Kacper"]
[Black "Krasenkow, Michal"]
[Result "1-0"]
[WhiteElo "2596"]
[BlackElo "2605"]
[PlyCount "91"]
[EventDate "2020.09.13"]
[EventType "swiss (rapid)"]
[EventRounds "9"]
[EventCountry "POL"]
[SourceTitle "CBM 198 Extra"]
[Source "ChessBase"]
[SourceDate "2020.11.30"]
[SourceVersion "1"]
[SourceVersionDate "2020.11.30"]
[SourceQuality "1"]

1. d4 d5 2. Nf3 c6 3. e3 Bg4 4. Nbd2 Nd7 5. h3 Bh5 6. b3 e6 7. Bb2 Ngf6 8. Be2 Be7 $146 ({RR} 8... Bxf3 9. Bxf3 Bd6 10. O-O O-O 11. c4 Qe7 12. e4 dxe4 13. Nxe4 Nxe4 14. Bxe4 Rad8 15. Qe2 Qh4 16. Rad1 Rfe8 17. Bb1 Nf6 18. Qf3 Qh5 19. g4 Qh4 20. Qg2 Bf4 21. Rfe1 h5 22. gxh5 Qxh5 23. Be4 {Sardy,P (2326)-Sanduleac,V (2487) Szombathely 2003 0-1}) 9. O-O O-O 10. c4 a5 11. a3 Qb8 12. Nb1 Ne4 13. Nfd2 Bxe2 14. Qxe2 Nxd2 15. Nxd2 b5 16. Rab1 a4 17. cxd5 cxd5 18. bxa4 bxa4 19. e4 Qd6 20. e5 Qa6 21. Qxa6 Rxa6 22. Rfc1 Bg5 23. Bc3 Nb6 24. g3 Rc8 25. Bb4 Rxc1+ 26. Rxc1 Bxd2 27. Bxd2 Nc4 28. Bb4 Rb6 29. f4 f6 30. Kf2 Kf7 31. g4 Rb8 32. Re1 h5 33. exf6 gxf6 34. f5 e5 35. g5 e4 36. g6+ Kg7 37. h4 Nb2 38. Rb1 Nd3+ 39. Ke3 Nxb4 40. axb4 Rb5 41. Kd2 a3 42. Kc3 e3 43. Kb3 e2 44. Kxa3 Rb8 45. Re1 Re8 46. b5 1-0

[Event "Titled Tuesday intern op 15th Sept"]
[Site "Chess.com INT"]
[Date "2020.09.15"]
[Round "6"]
[White "Eljanov, Pavel"]
[Black "Erigaisi, Arjun Kumar"]
[Result "1-0"]
[WhiteElo "2672"]
[BlackElo "2559"]
[PlyCount "95"]
[EventDate "2020.09.15"]
[EventType "swiss (blitz)"]
[EventRounds "10"]
[EventCountry "USA"]
[SourceTitle "CBM 198 Extra"]
[Source "ChessBase"]
[SourceDate "2020.11.30"]
[SourceVersion "1"]
[SourceVersionDate "2020.11.30"]
[SourceQuality "1"]

1. Nf3 d5 2. g3 Nf6 3. Bg2 c5 4. O-O g6 5. c4 Bg7 6. Qa4+ Nc6 7. Ne5 Bd7 8. Nxd7 Qxd7 9. cxd5 Nxd5 10. Nc3 e6 $146 ({RR} 10... Nb6 11. Qb5 Rc8 12. d3 h5 13. a4 h4 14. a5 Na8 15. Be3 hxg3 16. hxg3 Bd4 17. Bxd4 cxd4 18. Ne4 Rh5 19. Nc5 a6 20. Qc4 Qc7 21. Rfc1 Kf8 22. Nb3 e5 23. Bf3 Rh6 24. Kg2 Kg7 25. Rh1 {Eljanov,P (2672)-Aradhya,G (2198) Chess.com INT 2021 ½-½ (66)}) 11. Qc4 Rc8 12. Nxd5 exd5 13. Qxd5 Qxd5 14. Bxd5 Nd4 15. e3 Ne2+ 16. Kg2 Nxc1 17. Raxc1 b6 18. b4 Ke7 19. bxc5 Rhd8 20. e4 Rxc5 21. Rxc5 bxc5 22. Rb1 Rd7 23. Rb5 Bd4 24. d3 f6 25. a4 Kd6 26. a5 f5 27. a6 Rc7 28. Bc4 Re7 29. Rb7 Rxb7 30. axb7 Kc7 31. Bd5 fxe4 32. dxe4 a5 33. f4 a4 34. e5 a3 35. Kf3 c4 36. Bxc4 Kxb7 37. g4 Kb6 38. Ke4 Kc5 39. Ba2 Bc3 40. f5 gxf5+ 41. gxf5 Kc6 42. f6 Kd7 43. Kf5 Ke8 44. e6 Bd4 45. Bc4 Bc5 46. Kg5 Be3+ 47. Kh5 Bd4 48. Bb5+ 1-0

[Event "Titled Tuesday intern op 15th Sept"]
[Site "Chess.com INT"]
[Date "2020.09.15"]
[Round "10"]
[White "Paravyan, David"]
[Black "Sethuraman, SP."]
[Result "1-0"]
[WhiteElo "2653"]
[BlackElo "2644"]
[PlyCount "79"]
[EventDate "2020.09.15"]
[EventType "swiss (blitz)"]
[EventRounds "10"]
[EventCountry "USA"]
[SourceTitle "CBM 198 Extra"]
[Source "ChessBase"]
[SourceDate "2020.11.30"]
[SourceVersion "1"]
[SourceVersionDate "2020.11.30"]
[SourceQuality "1"]

1. Nf3 d5 2. g3 Nf6 3. Bg2 c5 4. O-O g6 5. d4 cxd4 6. Nxd4 Bg7 7. Nc3 e5 8. Nb3 d4 9. Na4 O-O 10. c3 Nc6 11. cxd4 exd4 12. Bd2 $146 ({RR} 12. Bxc6 bxc6 13. Qxd4 Nd5 14. Qc4 Qe7 15. Nac5 a5 16. a4 Re8 17. Re1 h5 18. Bd2 Bxb2 19. Rab1 Ba3 20. e4 Nc7 21. Bc3 Bb4 22. Bxb4 axb4 23. Qxb4 Bh3 24. Nd4 Na6 25. Nxa6 Rxa6 26. Qc4 Rea8 {Ramakrishna,J (2149)-Saravana,K (2350) Bhopal 2017 ½-½ (59)}) 12... Re8 13. Re1 Ne4 14. Nac5 Bf5 15. Rc1 Qb6 16. g4 Nxc5 17. gxf5 Ne4 18. fxg6 hxg6 19. Bf4 Rad8 20. Qd3 Nb4 21. Qc4 Nd6 22. Bxd6 Qxd6 23. Nc5 a5 24. Nxb7 Qf4 25. Nxd8 Rxd8 26. a3 Be5 27. axb4 Qxh2+ 28. Kf1 Kg7 29. bxa5 Rd6 30. Qd3 Rf6 31. Qh3 Qf4 32. Bf3 Rf5 33. a6 d3 34. exd3 Qd4 35. Rc8 Qxd3+ 36. Re2 Rh5 37. Qg4 Qb1+ 38. Re1 Qd3+ 39. Be2 Qd2 40. Qg2 1-0

[Event "Bundesliga 1920 final"]
[Site "Karlsruhe"]
[Date "2020.09.17"]
[Round "3.2"]
[White "Bogner, Sebastian"]
[Black "Heimann, Andreas"]
[Result "1-0"]
[WhiteElo "2571"]
[BlackElo "2617"]
[PlyCount "63"]
[EventDate "2020.09.16"]
[EventType "team-tourn"]
[EventRounds "7"]
[EventCountry "GER"]
[SourceTitle "CBM 198 Extra"]
[Source "ChessBase"]
[SourceDate "2020.11.30"]
[SourceVersion "1"]
[SourceVersionDate "2020.11.30"]
[SourceQuality "1"]
[WhiteTeam "Bayern Muenchen"]
[BlackTeam "Deizisau"]
[WhiteTeamCountry "GER"]
[BlackTeamCountry "GER"]

1. Nf3 d5 2. e3 c5 3. c4 d4 4. exd4 cxd4 5. g3 Nc6 6. Bg2 e5 7. O-O Nf6 8. Re1 Nd7 9. d3 Be7 10. Na3 O-O 11. Nc2 a5 12. Na3 $146 ({RR} 12. a3 f6 13. Rb1 a4 14. Bd2 Nc5 15. Bb4 Re8 16. Bxc5 Bxc5 17. b4 axb3 18. Rxb3 Kh8 19. Nd2 Ra7 20. Nb4 Nxb4 21. axb4 Bf8 22. c5 b6 23. Nc4 bxc5 24. b5 Bd7 25. Rb1 Qb8 26. Qc2 h6 {Szpar,M (2477)-Huschenbeth,N (2607) Lublin POL 2023 1-0 (33)}) 12... Bb4 13. Bd2 Re8 14. Nb5 Nc5 15. Ng5 Bg4 16. Qxg4 Bxd2 17. Ne4 Bxe1 18. Nxc5 Bb4 19. Nxb7 Qc8 20. Qxc8 Rexc8 21. c5 Rab8 22. N7d6 Ne7 23. Nxc8 Nxc8 24. Nc7 Bd2 25. Rb1 Ne7 26. Na6 Rb5 27. b3 a4 28. b4 a3 29. Rb3 f5 30. Rxa3 e4 31. dxe4 Nc6 32. Bf1 1-0

[Event "Bundesliga 1920 final"]
[Site "Karlsruhe"]
[Date "2020.09.19"]
[Round "5.4"]
[White "Van Wely, Loek"]
[Black "Studer, Noel"]
[Result "1-0"]
[WhiteElo "2615"]
[BlackElo "2573"]
[PlyCount "67"]
[EventDate "2020.09.16"]
[EventType "team-tourn"]
[EventRounds "7"]
[EventCountry "GER"]
[SourceTitle "CBM 198 Extra"]
[Source "ChessBase"]
[SourceDate "2020.11.30"]
[SourceVersion "1"]
[SourceVersionDate "2020.11.30"]
[SourceQuality "1"]
[WhiteTeam "Solingen"]
[BlackTeam "Bayern Muenchen"]
[WhiteTeamCountry "GER"]
[BlackTeamCountry "GER"]

1. Nf3 d5 2. g3 Nf6 3. Bg2 c5 4. O-O e6 5. c4 d4 6. d3 Nc6 7. e3 Bd6 8. exd4 cxd4 9. Bg5 h6 10. Bxf6 Qxf6 11. Nbd2 Qe7 12. Re1 O-O 13. a3 a5 14. Rc1 ({RR} 14. Nb3 Qf6 15. Qc2 e5 16. Nfd2 Qg6 17. c5 Bc7 18. Nc4 Bf5 19. Be4 Bxe4 20. dxe4 Rad8 21. Rad1 f5 22. exf5 Rxf5 23. Qe4 Rdf8 24. Re2 Qf7 25. Qc2 a4 26. Nc1 e4 27. Rxe4 Rxf2 28. Qd3 Rf3 {Le,Q (2712)-Moiseenko,A (2711) Khanty-Mansiysk 2013 ½-½ (79)}) ({RR} 14. Nb3 Qf6 15. c5 Bc7 16. Nbd2 Qe7 17. Rc1 Bd7 18. Ne4 Rfd8 19. Nfd2 Ne5 20. Nc4 Nxc4 21. Rxc4 Bb5 22. Rc1 a4 23. Qe2 Bc6 24. Nd2 Ra5 25. Bxc6 bxc6 26. Rc4 e5 27. Qd1 Rb5 28. Rxa4 Rxb2 {Mitrabha,G (2505)-Zhao Zong Yuan (2462) Canberra AUS 2025 1-0 (51)}) 14... Bd7 $146 ({RR} 14... a4 15. Ne4 Bc7 16. c5 e5 17. Nfd2 Bd7 18. Nc4 Na5 19. Ned6 Nb3 20. Rxe5 Qf6 21. Rc2 Bxd6 22. cxd6 b5 23. Re7 bxc4 24. Rxd7 Rac8 25. Bb7 Rc5 26. dxc4 Qe6 27. Re7 Qxd6 28. Re4 Re5 29. Rxe5 {Van Wely,L (2615)-Schmidek,E (2395) Karlsruhe 2020 1-0 (121)}) ({RR} 14... Rd8 15. Ne4 Bc7 16. c5 a4 17. Nfd2 Bd7 18. Nc4 Na5 19. Nxa5 Bxa5 20. Re2 Bc6 21. Nd6 Bc7 22. Bxc6 bxc6 23. Rc4 Bxd6 24. cxd6 Qxd6 25. Rxa4 Qd5 26. Rc4 Rab8 27. Rec2 Rb6 28. Rc5 Qb3 29. Qf3 {Van Wely,L (2612)-Salem,A (2690) Abu Dhabi 2021 1-0 (56)}) 15. Nb3 Qf6 16. Nfd2 Qe7 17. Ne4 Bc7 18. Nbc5 Be8 19. Na4 b6 20. f4 Rb8 21. Qc2 Kh8 22. Nd2 g5 23. c5 b5 24. Nb6 gxf4 25. Nd5 Qd8 26. Nxc7 Qxc7 27. Ne4 Ne5 28. Qf2 f3 29. Bxf3 f6 30. Be2 Rd8 31. Nd6 Rxd6 32. cxd6 Qxd6 33. Rc8 Bg6 34. Qxf6+ 1-0

[Event "Chess24 Banter Blitz Cup Qual-H"]
[Site "chess24.com INT"]
[Date "2020.09.18"]
[Round "2.3"]
[White "Svidler, Peter"]
[Black "Yilmaz, Mustafa"]
[Result "1-0"]
[WhiteElo "2723"]
[BlackElo "2630"]
[PlyCount "69"]
[EventDate "2020.09.17"]
[EventType "k.o. (blitz)"]
[EventRounds "3"]
[EventCountry "GER"]
[SourceTitle "CBM 198 Extra"]
[Source "ChessBase"]
[SourceDate "2020.11.30"]
[SourceVersion "1"]
[SourceVersionDate "2020.11.30"]
[SourceQuality "1"]

1. Nf3 c5 2. g3 Nc6 3. Bg2 e5 4. e4 d6 5. O-O g6 6. d3 Bg7 7. a3 Nge7 8. Nbd2 O-O 9. c3 h6 10. b4 a6 11. Bb2 Be6 12. Re1 b5 13. d4 exd4 $146 ({RR} 13... cxd4 14. cxd4 exd4 15. Nb3 Bxb3 16. Qxb3 Qb6 17. Rad1 a5 18. bxa5 Nxa5 19. Qb4 Nec6 20. Qd2 Nc4 21. Qc1 Rfc8 22. h4 N6e5 23. Nxd4 Nxb2 24. Qxb2 Nc4 {0-1 (24) Warmerdam,M (2638)-Martinez Alcantara,J (2611) chess.com INT 2023}) 14. cxd4 cxb4 15. axb4 Nxb4 16. Ba3 a5 17. d5 Bxa1 18. dxe6 Bg7 19. exf7+ Rxf7 20. Qb3 Nec6 21. Bh3 Nd4 22. Nxd4 Bxd4 23. Nf3 Qf6 24. Be6 Raf8 25. Bxb4 axb4 26. Kg2 Bc3 27. Re3 Kg7 28. Bxf7 Qxf7 29. Qd1 Qe6 30. Qd3 Rb8 31. h4 Bf6 32. h5 gxh5 33. Nd4 Bxd4 34. Qxd4+ Qe5 35. Qa7+ 1-0